[Event "Lvov Ukrainian Chess Warriors"]
[Site "Lvov"]
[Date "2024.03.15"]
[Round "3"]
[White "Hychkevych, Vitaliy"]
[Black "Dovgaliuk, Oleksandr"]
[Result "1-0"]
[WhiteElo "1550"]
[BlackElo "1936"]
[PlyCount "73"]
[EventDate "2024.03.15"]
[EventType "swiss (rapid)"]
[EventRounds "8"]
[EventCountry "UKR"]
[SourceTitle "CB12_2024"]
[SourceDate "2023.10.01"]
[SourceVersion "1"]
[SourceVersionDate "2023.10.01"]
[SourceQuality "1"]

1. d4 Nf6 2. c4 g6 3. Nc3 Bg7 4. e4 d6 5. f3 0-0 6. Be3 Nbd7 7. Nh3 c5 8. d5 a6 9. Nf2 Rb8 10. a4 Qc7 11. Be2 e6 12. 0-0 exd5 13. cxd5 Re8 14. Rc1 Qb6 15. Nd3 Ne5 16. Nxe5 Rxe5 17. Rb1 Qa5 18. Bf4 Nh5 19. Bd2 Re8 20. f4 Bd4+ 21. Kh1 Nf6 22. Bf3 h5 23. h3 Qd8 24. Qc2 Bg4 25. Rbe1 Qc8 26. Kh2 Bxf3 27. gxf3 h4 28. Ne2 Nh5 29. f5 gxf5 30. Rg1+ Bxg1+ 31. Rxg1+ Kf8 32. Qc3 Ng3 33. Nxg3 hxg3+ 34. Rxg3 fxe4 35. Qf6 e3 36. Qxd6+ Re7 37. Bxe3 1-0

[Event "Morshyn GP 3rd"]
[Site "Morshyn"]
[Date "2023.12.02"]
[Round "2"]
[White "Sakun, Volodymyr"]
[Black "Hychkevych, Vitaliy"]
[Result "1-0"]
[WhiteElo "2356"]
[BlackElo "1250"]
[PlyCount "139"]
[EventDate "2023.12.02"]
[EventType "swiss (rapid)"]
[EventRounds "9"]
[EventCountry "UKR"]
[SourceTitle "CB49_2023"]
[SourceDate "2023.12.06"]
[SourceVersion "1"]
[SourceVersionDate "2023.12.06"]
[SourceQuality "1"]

1. d4 d5 2. c4 e6 3. Nf3 Be7 4. Nc3 Nf6 5. cxd5 exd5 6. Bg5 0-0 7. e3 Bf5 8. Qb3 c6 9. Qxb7 Bc8 10. Qb3 Nbd7 11. Qc2 h6 12. Bxf6 Nxf6 13. Bd3 Bd6 14. 0-0 Bg4 15. Nd2 Bd7 16. Bf5 g6 17. Bxd7 Qxd7 18. h3 Bc7 19. Nf3 Rfe8 20. Rac1 Rac8 21. Na4 Ne4 22. Nc5 Qe7 23. Nxe4 dxe4 24. Nd2 Bb8 25. Rfd1 h5 26. Qa4 Qd6 27. Nf1 h4 28. Rc5 Qf6 29. Rdc1 Re6 30. d5 Rd6 31. dxc6 Bc7 32. Qxe4 Bb6 33. R5c2 Re6 34. Qf3 Qe7 35. a3 Rf6 36. Qg4 Re6 37. b4 Rc7 38. a4 Re4 39. Qe2 Rxb4 40. Qa6 Qe5 41. Nd2 Qa5 42. Qxa5 Bxa5 43. Nc4 Rxa4 44. Nd6 Rb4 45. Ne8 Rc8 46. c7 Rxe8 47. c8Q Rxc8 48. Rxc8+ Kg7 49. R8c4 Rb2 50. Rxh4 Bd2 51. Ra1 a5 52. Rha4 Bb4 53. Rxa5 Bxa5 54. Rxa5 f5 55. Ra6 g5 56. g3 Rc2 57. Kg2 Rc4 58. Kf3 g4+ 59. hxg4 fxg4+ 60. Kg2 Kf7 61. Rd6 Rc5 62. Kf1 Ke7 63. Rd4 Rg5 64. Ke2 Ke6 65. e4 Ra5 66. Ke3 Ra3+ 67. Rd3 Ra2 68. Rd2 Ra3+ 69. Kf4 Ra4 70. Re2 1-0

[Event "Lvov Buturina Memorial 3rd"]
[Site "Lvov"]
[Date "2023.11.16"]
[Round "1"]
[White "Hychkevych, Vitaliy"]
[Black "Mikhaletz, Lubomir"]
[Result "1-0"]
[WhiteElo "1250"]
[BlackElo "2298"]
[PlyCount "77"]
[EventDate "2023.11.16"]
[EventType "swiss"]
[EventRounds "9"]
[EventCountry "UKR"]
[SourceTitle "CB49_2023"]
[SourceDate "2023.12.06"]
[SourceVersion "1"]
[SourceVersionDate "2023.12.06"]
[SourceQuality "1"]

1. d4 d6 2. c4 e5 3. d5 g6 4. Nc3 Bg7 5. e4 Nd7 6. f3 Ne7 7. Nh3 f5 8. Be2 Nf6 9. Nf2 f4 10. Bd2 g5 11. Qc2 c5 12. 0-0-0 Bd7 13. g3 a6 14. a4 Ng6 15. Ng4 h5 16. Nxf6+ Qxf6 17. a5 0-0 18. Rdg1 Kh7 19. h4 gxh4 20. gxh4 Bh6 21. Be1 Rf7 22. Na4 Rg8 23. Nb6 Be8 24. Bf1 Rfg7 25. Bh3 Nxh4 26. Rxg7+ Kxg7 27. Qf2 Ng6 28. Be6 Rh8 29. Rxh5 Nf8 30. Qg2+ Qg6 31. Bg4 Nh7 32. Bh4 Rg8 33. Qh3 Nf6 34. Bxf6+ Qxf6 35. Rf5 Qg6 36. Nc8 Rf8 37. Ne7 Qh7 38. Rxf8 Kxf8 39. Nf5 1-0

[Event "EU-ch U12 rapid"]
[Site "Terme Catez"]
[Date "2023.09.29"]
[Round "7"]
[White "Meszaros, Casey Ryan"]
[Black "Hychkevych, Vitaliy"]
[Result "0-1"]
[WhiteElo "1891"]
[BlackElo "1799"]
[PlyCount "86"]
[EventDate "2023.09.28"]
[EventType "swiss (rapid)"]
[EventRounds "9"]
[EventCountry "SLO"]
[SourceTitle "EXT 2024"]
[Source "ChessBase"]
[SourceDate "2023.10.10"]
[SourceVersion "1"]
[SourceVersionDate "2023.10.10"]
[SourceQuality "1"]

1. Nf3 d5 2. g3 Nf6 3. Bg2 g6 4. 0-0 Bg7 5. d3 0-0 6. Nbd2 c5 7. e4 dxe4 8. Nxe4 Nxe4 9. dxe4 Nc6 10. c3 Qb6 11. Qc2 Be6 12. Be3 Qa5 13. Nd2 b6 14. f4 f6 15. f5 Bf7 16. e5 Nxe5 17. Bxa8 Rxa8 18. Bf4 c4 19. Bxe5 Qxe5 20. Nf3 Qc5+ 21. Kg2 gxf5 22. Nd4 Bd5+ 23. Kh3 Be4 24. Qf2 Bd3 25. Ne2 Qc8 26. Kg2 e5 27. Rfd1 Qc6+ 28. Kh3 Qe4 29. b3 Bxe2 30. Re1 Qg4+ 31. Kg2 Bd3 32. bxc4 Qxc4 33. Rad1 Be4+ 34. Kh3 Qe6 35. Rd2 Rc8 36. Red1 f4+ 37. g4 Rxc3+ 38. Kh4 f5 39. Rd8+ Bf8 40. g5 h6 41. Qg1 Kf7 42. g6+ Kg7 43. Rxf8 Qe7+ 0-1

[Event "EU-ch U12 rapid"]
[Site "Terme Catez"]
[Date "2023.09.29"]
[Round "9"]
[White "Radzimski, Antoni"]
[Black "Hychkevych, Vitaliy"]
[Result "0-1"]
[WhiteElo "1961"]
[BlackElo "1799"]
[PlyCount "56"]
[EventDate "2023.09.28"]
[EventType "swiss (rapid)"]
[EventRounds "9"]
[EventCountry "SLO"]
[SourceTitle "EXT 2024"]
[Source "ChessBase"]
[SourceDate "2023.10.10"]
[SourceVersion "1"]
[SourceVersionDate "2023.10.10"]
[SourceQuality "1"]

1. d4 d5 2. c4 e6 3. cxd5 exd5 4. Nc3 Be7 5. Bf4 Nf6 6. e3 0-0 7. Bd3 b6 8. Nge2 c5 9. 0-0 c4 10. Bc2 a6 11. e4 dxe4 12. Nxe4 Bb7 13. N2g3 Nc6 14. Be5 Nd5 15. Nf5 f6 16. Qg4 g6 17. Nxe7+ Ncxe7 18. Qe6+ Kg7 19. Nd6 Bc8 20. Nxc8 Rxc8 21. Bg3 Rc6 22. Qe2 Re8 23. Rfe1 Qd7 24. Rad1 b5 25. Be4 Re6 26. Qf3 Nf5 27. Kf1 Nxg3+ 28. hxg3 Qe7 0-1

[Event "EU-ch Cities&Town U18 op"]
[Site "Tornelo INT"]
[Date "2023.01.29"]
[Round "?"]
[White "Akkara, Omer"]
[Black "Hychkevych, Vitaliy"]
[Result "1/2-1/2"]
[WhiteElo "1443"]
[BlackElo "1251"]
[PlyCount "124"]
[EventDate "2023.01.29"]
[EventType "team-swiss"]
[EventRounds "9"]
[EventCountry "NET"]
[SourceTitle "CBM 212 Extra"]
[Source "ChessBase"]
[SourceDate "2023.03.31"]
[SourceVersion "1"]
[SourceVersionDate "2023.03.31"]
[SourceQuality "1"]
[WhiteTeam "Istanbul"]
[BlackTeam "Lvov"]
[WhiteTeamCountry "TUR"]
[BlackTeamCountry "UKR"]

1. Nf3 d5 2. e3 Nf6 3. b3 g6 4. Bb2 Bg7 5. c4 0-0 6. cxd5 Qxd5 7. Bc4 Qd8 8. 0-0 Bg4 9. h3 Bd7 10. Nc3 a6 11. d4 b5 12. Bd3 Nc6 13. Re1 Nb4 14. Bb1 Rc8 15. a3 Nc6 16. d5 Na7 17. e4 c6 18. e5 Nxd5 19. Nxd5 cxd5 20. Qxd5 Be6 21. Qxd8 Rfxd8 22. b4 Nc6 23. Be4 Bd5 24. Rac1 e6 25. Re2 Ne7 26. Bxd5 Nxd5 27. Rec2 Rxc2 28. Rxc2 Nb6 29. Bd4 Nc4 30. a4 Bf8 31. axb5 axb5 32. Bc3 Rd1+ 33. Kh2 Rb1 34. Nd4 Bxb4 35. Nxb5 Bxc3 36. Nxc3 Re1 37. f4 Ne3 38. Re2 Nf1+ 39. Kg1 Rc1 40. Kf2 Ng3 41. Kxg3 Rxc3+ 42. Kh4 Kg7 43. g3 h6 44. Rg2 f6 45. exf6+ Kxf6 46. Kg4 h5+ 47. Kh4 Rc4 48. Rf2 e5 49. Rf3 Kf5 50. g4+ Ke4 51. Rf1 exf4 52. gxh5 gxh5 53. Kxh5 Ke3 54. Kg4 Rc8 55. Rf3+ Ke4 56. Rxf4+ Ke5 57. Rf5+ Ke4 58. h4 Rg8+ 59. Rg5 Rf8 60. h5 Rf1 61. h6 Rh1 62. Rh5 Rg1+ 1/2-1/2

[Event "EU-ch Cities&Town U18 op"]
[Site "Tornelo INT"]
[Date "2023.01.29"]
[Round "?"]
[White "Hychkevych, Vitaliy"]
[Black "Codru, Raul Cristian"]
[Result "1-0"]
[WhiteElo "1251"]
[BlackElo "1344"]
[PlyCount "81"]
[EventDate "2023.01.29"]
[EventType "team-swiss"]
[EventRounds "9"]
[EventCountry "NET"]
[SourceTitle "CBM 212 Extra"]
[Source "ChessBase"]
[SourceDate "2023.03.31"]
[SourceVersion "1"]
[SourceVersionDate "2023.03.31"]
[SourceQuality "1"]
[WhiteTeam "Lvov"]
[BlackTeam "Iasi Region"]
[WhiteTeamCountry "UKR"]
[BlackTeamCountry "ROU"]

1. d4 Nf6 2. c4 g6 3. Nc3 d5 4. Nf3 Bg7 5. Bg5 c6 6. e3 Bg4 7. Be2 Nbd7 8. cxd5 cxd5 9. 0-0 0-0 10. Rc1 Rc8 11. Qb3 Nb6 12. h3 Bf5 13. a4 a5 14. Qb5 Ra8 15. Ne5 h6 16. Bh4 Ne4 17. Nxe4 Bxe4 18. f3 Bf5 19. g4 Be6 20. Bxe7 Qxe7 21. Qxb6 Bxe5 22. dxe5 Rfc8 23. f4 Qh4 24. Kg2 Rxc1 25. Rxc1 h5 26. Qxb7 Rf8 27. b4 axb4 28. a5 hxg4 29. hxg4 Bxg4 30. Rh1 Qd8 31. Bxg4 Qxa5 32. e6 Qa2+ 33. Kg3 Qd2 34. exf7+ Rxf7 35. Qc8+ Rf8 36. Be6+ Kg7 37. Qc7+ Kf6 38. Qe5+ Ke7 39. Rh7+ Kd8 40. Qd6+ Ke8 41. Re7# 1-0

[Event "Chernonograd Katsan Memorial 2nd"]
[Site "Chernonograd"]
[Date "2023.01.22"]
[Round "8"]
[White "Katsan, Danylo"]
[Black "Hychkevych, Vitaliy"]
[Result "1-0"]
[WhiteElo "1447"]
[BlackElo "1635"]
[PlyCount "113"]
[EventDate "2023.01.22"]
[EventType "swiss"]
[EventRounds "9"]
[EventCountry "UKR"]
[SourceTitle "CBM 212 Extra"]
[Source "ChessBase"]
[SourceDate "2023.03.31"]
[SourceVersion "1"]
[SourceVersionDate "2023.03.31"]
[SourceQuality "1"]

1. Nf3 d5 2. d4 Nf6 3. Bf4 g6 4. e3 Bg7 5. c3 0-0 6. h3 a6 7. a4 b6 8. Nbd2 Bb7 9. Be2 Nbd7 10. 0-0 c5 11. Bh2 c4 12. Ne5 Rc8 13. f3 Nxe5 14. Bxe5 Bh6 15. Bxf6 Bxe3+ 16. Kh1 exf6 17. Nb1 Bh6 18. f4 b5 19. axb5 axb5 20. f5 Qb6 21. Bg4 Ra8 22. Rxa8 Rxa8 23. Qe1 g5 24. h4 Qc6 25. Na3 Re8 26. Qd2 Re4 27. hxg5 Bxg5 28. Qd1 Qd6 29. Nc2 Qg3 30. Bh3 Bf4 31. Qg4+ Qxg4 32. Bxg4 Bg5 33. Bf3 Rf4 34. Be2 Rh4+ 35. Kg1 Bf4 36. Bf3 Bc8 37. Bxd5 Bxf5 38. g3 Rh5 39. Rxf4 Bxc2 40. Bc6 Kg7 41. d5 f5 42. Bxb5 Be4 43. Bxc4 Rh1+ 44. Kf2 Rh2+ 45. Ke3 Rxb2 46. g4 Rc2 47. gxf5 Rxc3+ 48. Kd4 Rh3 49. Kxe4 h5 50. d6 Kf6 51. Kd5 Rh1 52. d7 Ke7 53. Kc6 Rd1 54. Re4+ Kf6 55. Bd5 Rc1+ 56. Rc4 Rxc4+ 57. Bxc4 1-0

[Event "Chernonograd Katsan Memorial 2nd"]
[Site "Chernonograd"]
[Date "2023.01.22"]
[Round "6"]
[White "Kikh, Andriy"]
[Black "Hychkevych, Vitaliy"]
[Result "1/2-1/2"]
[WhiteElo "1746"]
[BlackElo "1635"]
[PlyCount "134"]
[EventDate "2023.01.22"]
[EventType "swiss"]
[EventRounds "9"]
[EventCountry "UKR"]
[SourceTitle "CBM 212 Extra"]
[Source "ChessBase"]
[SourceDate "2023.03.31"]
[SourceVersion "1"]
[SourceVersionDate "2023.03.31"]
[SourceQuality "1"]

1. d4 c5 2. c3 cxd4 3. cxd4 d5 4. Nc3 Nc6 5. f4 Nf6 6. e3 g6 7. Nf3 Bg7 8. Be2 0-0 9. a3 a6 10. 0-0 Bg4 11. Ne5 Bxe2 12. Qxe2 Nxe5 13. fxe5 Nd7 14. Bd2 e6 15. Rac1 b5 16. Na2 f6 17. Bb4 Re8 18. exf6 Nxf6 19. Rc6 Qd7 20. Rfc1 Rec8 21. Qc2 Rxc6 22. Qxc6 Qxc6 23. Rxc6 Ne4 24. Rxe6 Bh6 25. Nc3 Bxe3+ 26. Kf1 Bxd4 27. Nxd5 Ng5 28. Re2 a5 29. Bc3 Rf8+ 30. Ke1 Bxc3+ 31. Nxc3 b4 32. axb4 axb4 33. Nd5 b3 34. h4 Nf7 35. Re3 Rb8 36. Ne7+ Kg7 37. Nc6 Rb6 38. Nd4 Rb4 39. Nxb3 Rxh4 40. Kd2 Nd6 41. Kd3 Nc4 42. Re2 Nd6 43. Nd4 Rg4 44. b4 Nf5 45. Ne6+ Kf6 46. Nc7 Rd4+ 47. Kc3 Rd7 48. Na6 Nd4 49. Rf2+ Kg5 50. Nc5 Nb5+ 51. Kc4 Nd6+ 52. Kd5 Rf7 53. Rxf7 Nxf7 54. Ne6+ Kf6 55. b5 Ne5 56. b6 Nd7 57. b7 Ke7 58. Nd4 Nb6+ 59. Kc6 Nd7 60. g3 h5 61. Kc7 Ke8 62. Ne6 Ke7 63. Nf4 Nc5 64. Nxg6+ Kf6 65. Nf4 Nxb7 66. Kxb7 Kg5 67. Nxh5 Kxh5 1/2-1/2

[Event "Chernonograd Katsan Memorial 2nd"]
[Site "Chernonograd"]
[Date "2023.01.22"]
[Round "4"]
[White "Korchevskyi, Volodymyr"]
[Black "Hychkevych, Vitaliy"]
[Result "0-1"]
[WhiteElo "1524"]
[BlackElo "1635"]
[PlyCount "116"]
[EventDate "2023.01.22"]
[EventType "swiss"]
[EventRounds "9"]
[EventCountry "UKR"]
[SourceTitle "CBM 212 Extra"]
[Source "ChessBase"]
[SourceDate "2023.03.31"]
[SourceVersion "1"]
[SourceVersionDate "2023.03.31"]
[SourceQuality "1"]

1. e4 c5 2. c3 d5 3. exd5 Qxd5 4. d4 cxd4 5. cxd4 Nc6 6. Nf3 Nf6 7. Nc3 Qa5 8. Bb5 a6 9. Bxc6+ bxc6 10. 0-0 Bg4 11. Be3 e6 12. h3 Bh5 13. Rc1 Be7 14. Qe2 0-0 15. Rfd1 Rfd8 16. Bf4 Rac8 17. Qe3 c5 18. Ne4 Nd5 19. Qd2 Qxd2 20. Bxd2 cxd4 21. Ba5 Re8 22. g4 Bg6 23. Rxc8 Rxc8 24. Rxd4 Rc1+ 25. Kh2 Bxe4 26. Rxe4 Bd6+ 27. Kg2 Nf4+ 28. Kh2 Nd3+ 29. Kg2 Rd1 30. Bd2 Bc5 31. Be3 Bxe3 32. Rxe3 Nf4+ 33. Kg3 Nd5 34. Ra3 f6 35. Rxa6 e5 36. Nh4 g6 37. Ra8+ Kg7 38. a4 Rd3+ 39. Kh2 Nf4 40. Ng2 Nxh3 41. b4 Nxf2 42. Ne1 Nxg4+ 43. Kg2 Rb3 44. b5 Ne3+ 45. Kf2 Nd5 46. Ra7+ Kh6 47. Rd7 Nb6 48. Ra7 Nc4 49. Rc7 Rb4 50. Ra7 e4 51. Kg3 Kg5 52. Ng2 Rb3+ 53. Kf2 h5 54. Rc7 Nb6 55. Rc5+ f5 56. a5 Na4 57. Rc4 Nb2 58. Rc5 Nd3+ 0-1

[Event "Sosnivka Christmas op"]
[Site "Sosnivka"]
[Date "2023.01.15"]
[Round "5"]
[White "Hychkevych, Vitaliy"]
[Black "Katsan, Danylo"]
[Result "0-1"]
[WhiteElo "1251"]
[BlackElo "1447"]
[PlyCount "90"]
[EventDate "2023.01.13"]
[EventType "swiss"]
[EventRounds "9"]
[EventCountry "UKR"]
[SourceTitle "EXT 2024"]
[Source "ChessBase"]
[SourceDate "2023.10.10"]
[SourceVersion "1"]
[SourceVersionDate "2023.10.10"]
[SourceQuality "1"]

1. d4 Nf6 2. c4 g6 3. Nc3 Bg7 4. e4 d6 5. f3 0-0 6. Be3 c6 7. Bd3 e5 8. d5 Nh5 9. Nge2 Qh4+ 10. Bf2 Qg5 11. 0-0 f5 12. exf5 gxf5 13. c5 Rf6 14. cxd6 Rxd6 15. dxc6 Nxc6 16. Bc4+ Be6 17. Qxd6 Bxc4 18. Qc5 Ba6 19. Qd5+ Kh8 20. h4 Qg6 21. Rfd1 Nf6 22. Qb3 Rg8 23. Ng3 Bh6 24. Nd5 Nh5 25. f4 exf4 26. Qf3 fxg3 27. Bd4+ Nxd4 28. Rxd4 Bf8 29. Kh1 Nf6 30. Nf4 Qg4 31. Ne6 Qxf3 32. gxf3 g2+ 33. Kh2 Bh6 34. Rd8 Bf4+ 35. Kg1 Be3+ 36. Kh2 Rxd8 37. Nxd8 Bf1 38. Nf7+ Kg7 39. Rxf1 gxf1Q 40. Ng5 Bxg5 41. hxg5 Qf2+ 42. Kh3 Qxf3+ 43. Kh2 Ng4+ 44. Kg1 Qf2+ 45. Kh1 Qh2# 0-1

[Event "Lvov Buturina Memorial 2nd"]
[Site "Lvov"]
[Date "2022.11.20"]
[Round "9"]
[White "Stasyuk, Jaroslav"]
[Black "Hychkevych, Vitaliy"]
[Result "0-1"]
[WhiteElo "1177"]
[BlackElo "1251"]
[PlyCount "102"]
[EventDate "2022.11.18"]
[EventType "swiss (rapid)"]
[EventRounds "9"]
[EventCountry "UKR"]
[SourceTitle "CBM 212 Extra"]
[Source "ChessBase"]
[SourceDate "2023.03.31"]
[SourceVersion "1"]
[SourceVersionDate "2023.03.31"]
[SourceQuality "1"]

1. e4 c5 2. Nf3 e6 3. c3 d5 4. exd5 exd5 5. d4 c4 6. g3 h6 7. Bg2 Be7 8. 0-0 Nf6 9. b3 cxb3 10. Qxb3 0-0 11. Bf4 Nc6 12. Na3 a6 13. Nc2 Na5 14. Qb1 Ne4 15. Bd2 Nc4 16. Rd1 Ncxd2 17. Rxd2 Nxd2 18. Nxd2 b5 19. Ne3 Be6 20. Qb3 Qd6 21. Nxd5 Rad8 22. Nxe7+ Qxe7 23. Qb2 Bd5 24. Bxd5 Rxd5 25. a4 bxa4 26. Rxa4 Qe2 27. Ra2 Rf5 28. Nf1 Qe6 29. Qe2 Qxe2 30. Rxe2 Rc8 31. Rc2 a5 32. c4 a4 33. Ne3 Ra5 34. d5 a3 35. Ra2 Kf8 36. Kf1 g6 37. Ke2 Rb8 38. Nd1 Ke7 39. Kd3 Kd6 40. Kc3 Kc5 41. Ne3 f5 42. f4 Ra4 43. h3 h5 44. h4 Rb7 45. Nd1 Rxc4+ 46. Kd3 Rb3+ 47. Kd2 Rxg3 48. Ne3 Ra4 49. Ke2 Kd4 50. d6 Rxe3+ 51. Kf2 Rd3 0-1

[Event "Lvov Buturina Memorial 2nd"]
[Site "Lvov"]
[Date "2022.11.19"]
[Round "5"]
[White "Shykyravyi, Denys"]
[Black "Hychkevych, Vitaliy"]
[Result "0-1"]
[WhiteElo "1467"]
[BlackElo "1251"]
[PlyCount "128"]
[EventDate "2022.11.18"]
[EventType "swiss (rapid)"]
[EventRounds "9"]
[EventCountry "UKR"]
[SourceTitle "CBM 212 Extra"]
[Source "ChessBase"]
[SourceDate "2023.03.31"]
[SourceVersion "1"]
[SourceVersionDate "2023.03.31"]
[SourceQuality "1"]

1. e4 c5 2. b4 e6 3. bxc5 Bxc5 4. d4 Be7 5. Nf3 d6 6. c4 Nc6 7. Bb2 Qb6 8. Qd2 Nf6 9. Nc3 0-0 10. d5 Ne5 11. Nxe5 dxe5 12. Bd3 Bb4 13. 0-0 exd5 14. cxd5 Bg4 15. h3 Bh5 16. Rab1 Rac8 17. Rfc1 Bg6 18. Ba3 a5 19. Qe2 Qd4 20. Bxb4 axb4 21. Nb5 Rxc1+ 22. Rxc1 Qb6 23. a4 bxa3 24. Nxa3 Qb3 25. Nc4 Nh5 26. Nxe5 Qa3 27. Qd2 Nf6 28. Nxg6 hxg6 29. Rb1 Rd8 30. Rd1 Nxe4 31. Qc2 Nf6 32. Rd2 Qd6 33. Rd1 Qe7 34. Rb1 Nxd5 35. Be4 Nc3 36. Qxc3 Qxe4 37. Re1 Qc6 38. Qb3 b5 39. Rb1 Qb6 40. Rb2 Rb8 41. Qb4 Qc7 42. g3 Qc1+ 43. Kg2 Qc6+ 44. Kh2 Qf3 45. Qd6 Re8 46. Qd7 Re5 47. Qd4 f6 48. Qd2 Rd5 49. Qc2 Kh7 50. Rb1 Rf5 51. Kg1 Re5 52. Ra1 b4 53. Rf1 b3 54. Qb2 Re2 55. Qd4 Re4 56. Qb2 Qd3 57. Qb1 Qc4 58. Rc1 Qb4 59. Qb2 Re1+ 60. Rxe1 Qxe1+ 61. Kg2 Qe4+ 62. Kf1 Qc2 63. Qd4 b2 64. Qh4+ Kg8 0-1